Elementos de protección personal (Registro nro. 21065)

Detalles MARC
000 -ENCABEZADO
Número de control [NR] 00993nam a2200217Ia 4500
008 - DE LONGITUD FIJA DE DATOS DE ELEMENTOS - INFORMACIÓN GENERAL
Elementos de longitud fija [NR] 130821s ck gs spa
040 ## - FUENTE DE CATALOGACION [NR]
Agencia de catalogación original [NR] Co-BoUCM
Idioma de catalogación [NR] spa
041 00 - CODIGO DE IDIOMA [R]
Código de idioma para texto/pista de sonido o título separado [R] Español
092 ## - SIGNATURA TOPOGRAFICA LOCAL
Número de clasificación local CV 0308
092 ## - SIGNATURA TOPOGRAFICA LOCAL
Número de clasificación local DVD 1030
100 1# - ASIENTO PRINCIPAL--NOMBRE PERSONAL [NR]
Nombre personal [NR] Universidad Pedagógica y Tecnológica de Colombia
245 10 - MENCION DE TITULO [NR]
Título [NR] Elementos de protección personal
Mención de responsabilidad, etc. [NR] [videograbación]
-- Universidad Pedagógica y Tecnológica de Colombia
260 ## - PUBLICACION, DISTRIBUCION, ETC. (PIE DE IMPRENTA) [R]
Lugar de publicación, distribución, etc. [R] Tunja (Boyacá, Colombia)
Nombre del editor, distribuidor, etc. [R] UPTC
Fecha de publicación, distribución, etc. [R] [fecha desconocida]
300 ## - DESCRIPCION FISICA [R]
Extensión [R] 1 videocasete vhs 19 min. 3 seg.
Material acompañante [NR] 1 DVD
500 ## - NOTA GENERAL [R]
Nota general [NR] Contiene cuáles son los riesgos en actividades mineras. Cómo protegerse de cualquier accidente. Equipos que disminuyen el daño en un trabajador. En qué están construidos los elementos de protección, para qué sirven estos equipos especialmente
650 04 - ASIENTO SECUNDARIO DE MATERIA - TERMINO TEMATICO [R]
Término temático o nombre geográfico como elemento de entrada [NR] Industria minera
9 (RLIN) 17469
650 04 - ASIENTO SECUNDARIO DE MATERIA - TERMINO TEMATICO [R]
Término temático o nombre geográfico como elemento de entrada [NR] Riesgos laborales
9 (RLIN) 23801
650 04 - ASIENTO SECUNDARIO DE MATERIA - TERMINO TEMATICO [R]
Término temático o nombre geográfico como elemento de entrada [NR] Salud ocupacional
9 (RLIN) 23954
650 04 - ASIENTO SECUNDARIO DE MATERIA - TERMINO TEMATICO [R]
Término temático o nombre geográfico como elemento de entrada [NR] Seguridad industrial
9 (RLIN) 24101
942 ## - ELEMENTOS DE ENTRADA AGREGADOS (KOHA)
Tipo de ítem principal el descrito en 300a Multimedia
Sistema de clasificación LOCAL
Tema principal Administración
Edición 1
Existencias
Fecha de último préstamo Total préstamos Código de barras Última vez visto Volúmen / Fascículo Ejemplar Price effective from Tipo de ítem Perdido Sistema de clasificación Dañado No prestable Tipo de ítem específico Suprimido Ubicación habitual Ubicación actual Localización Fecha de creación Forma de adquisición Costo
06/06/2012   100124917 10/12/2024 DVD 1030 Ej.2 03/02/2013 Multimedia   DEWEY     DVD   Claustro Claustro Colección digital 28/02/2012 Donación 0.00
06/06/2012   100124916 09/12/2025 DVD 1030 Ej.1 03/02/2013 Multimedia   LOCAL   Préstamo restringido DVD   Procesos Técnicos Procesos Técnicos (no para préstamo) Procesos Técnicos 28/02/2012 Donación 0.00